00417pab a2200157 454500008004000000100001700040245006400057260000900121300001200130362001100142650003500153650002000188700001800208700002000226773001300246180718b2001 xxu||||| |||| 00| 0 eng d aBoyd, Leslie aEconomic scenarios for South Africa: a business perspective c2001 ap.71-98 aWinter aEconomic growth - South Africa aEconomic growth aKeeton, Gavin aSpicer, Michael aDaedalus